00680nam a2200241 a 4500001001300000003000900013005001700022008004100039020002300080082001300103100001500116245003900131260003800170300000900208500003500217505001000252650001500262700001500277902000800292942000700300952011400307999001700421nice12345678IN_TiNIC20260116014523.0100309s2009 dela grp 000 0 eng  a9788184551310c75000a150bDUB aDubey, K C aIntroduction to General Psychology aDelhi bOmega Publications c2009 a264p aincludes index and biblioraphy2 aindex aPsychology1 aDubey, K C bSRS cBK 001040708StackRoom-aHMIbHMId2010-04-13g750.00l0o150 DUBp023195r2010-04-13v750.00w2010-03-09yBK c15758d15758